Society in India: concepts theories and recent trends (Record no. 115520)
[ view plain ]
| 000 -LEADER | |
|---|---|
| fixed length control field | 00778nam a2200277Ia 4500 |
| 003 - CONTROL NUMBER IDENTIFIER | |
| control field | OSt |
| 005 - DATE AND TIME OF LATEST TRANSACTION | |
| control field | 20230405150057.0 |
| 008 - FIXED-LENGTH DATA ELEMENTS--GENERAL INFORMATION | |
| fixed length control field | 210210b2003 xxu||||| |||| 00| 0 eng d |
| 020 ## - INTERNATIONAL STANDARD BOOK NUMBER | |
| International Standard Book Number | 8170335450 |
| 040 ## - CATALOGING SOURCE | |
| Transcribing agency | AL |
| 041 ## - LANGUAGE CODE | |
| Language code of text/sound track or separate title | eng |
| 082 ## - DEWEY DECIMAL CLASSIFICATION NUMBER | |
| Classification number | 310/147 |
| Item number | AHUS |
| 100 ## - MAIN ENTRY--PERSONAL NAME | |
| Personal name | Ram Ahuja |
| 9 (RLIN) | 83595 |
| 245 ## - TITLE STATEMENT | |
| Title | Society in India: concepts theories and recent trends |
| 260 ## - PUBLICATION, DISTRIBUTION, ETC. | |
| Place of publication, distribution, etc. | Jaipur |
| Name of publisher, distributor, etc. | Rawat Publications |
| Date of publication, distribution, etc. | 2003 |
| 300 ## - PHYSICAL DESCRIPTION | |
| Extent | xii,504p. |
| Other physical details | PB |
| Dimensions | 21x13cm. |
| 365 ## - TRADE PRICE | |
| Source of price type code | Sociology |
| Price amount | 185.00 |
| Currency code | ₹ |
| Unit of pricing | 185.00 |
| 650 ## - SUBJECT ADDED ENTRY--TOPICAL TERM | |
| Topical term or geographic name entry element | Social Stratification |
| 9 (RLIN) | 83596 |
| 650 ## - SUBJECT ADDED ENTRY--TOPICAL TERM | |
| Topical term or geographic name entry element | Scheduled Caste |
| 9 (RLIN) | 83597 |
| 650 ## - SUBJECT ADDED ENTRY--TOPICAL TERM | |
| Topical term or geographic name entry element | Economic System |
| 9 (RLIN) | 83598 |
| 650 ## - SUBJECT ADDED ENTRY--TOPICAL TERM | |
| Topical term or geographic name entry element | Urban Social Organisation |
| 9 (RLIN) | 83599 |
| 690 ## - LOCAL SUBJECT ADDED ENTRY--TOPICAL TERM (OCLC, RLIN) | |
| Topical term or geographic name as entry element | Sociology |
| 9 (RLIN) | 83600 |
| 700 ## - ADDED ENTRY--PERSONAL NAME | |
| Personal name | AHUJA (Ram) |
| 9 (RLIN) | 83601 |
| 906 ## - LOCAL DATA ELEMENT F, LDF (RLIN) | |
| a | SG04542 |
| 942 ## - ADDED ENTRY ELEMENTS (KOHA) | |
| Source of classification or shelving scheme | Dewey Decimal Classification |
| Koha item type | Special Grants |
| Withdrawn status | Lost status | Source of classification or shelving scheme | Damaged status | Not for loan | Collection code | Home library | Current library | Shelving location | Date acquired | Source of acquisition | Cost, normal purchase price | Total Checkouts | Full call number | Barcode | Date last seen | Price effective from | Koha item type |
|---|---|---|---|---|---|---|---|---|---|---|---|---|---|---|---|---|---|
| Dewey Decimal Classification | Sociology | St Aloysius Library | St Aloysius Library | UGC Book Bank | 02/04/2005 | School Book Company, Mangalore. | 0.00 | 310/147 AHUS | SG04542 | 02/17/2021 | 02/17/2021 | Special Grants |